书目信息 |
| 题名: |
精准思考
|
|
| 作者: | 保罗万象 , 青蛙君 著 | |
| 分册: | ||
| 出版信息: | 武汉 武汉大学出版社 2020.9 |
|
| 页数: | 174页 | |
| 开本: | 21cm | |
| 丛书名: | ||
| 单 册: | ||
| 中图分类: | F272 , B804-49 | |
| 科图分类: | ||
| 主题词: | 企业管理--通俗读物 , 思维方法--通俗读物 | |
| 电子资源: | ||
| ISBN: | 978-7-307-21810-9 | |
| 000 | 00871nam0 2200265 450 | |
| 001 | 011088839 | |
| 005 | 20210309141322.0 | |
| 010 | @a978-7-307-21810-9@dCNY49.80 | |
| 100 | @a20210309d2020 em y0chiy0120 ea | |
| 101 | 0 | @achi |
| 102 | @aCN@b420000 | |
| 105 | @ay z 000yy | |
| 106 | @ar | |
| 200 | 1 | @a精准思考@9jing zhun si kao@b专著@e职场进阶的硬核定律@f保罗万象,青蛙君著 |
| 210 | @a武汉@c武汉大学出版社@d2020.9 | |
| 215 | @a174页@d21cm | |
| 330 | @a本书撷取50个与职场有关的定律,一一讲解。职场不是修罗场,只要你学会书中的定律,你的职场就是你走上人生巅峰的锻炼场,也是你赢得幸福人生的所在。 | |
| 606 | 0 | @a企业管理@j通俗读物 |
| 606 | 0 | @a思维方法@j通俗读物 |
| 690 | @aF272@v5 | |
| 690 | @aB804-49@v5 | |
| 701 | 0 | @a保罗万象@9bao luo wan xiang@4著 |
| 701 | 0 | @a青蛙君@9qing wa jun@4著 |
| 801 | 2 | @aCN@b人天书店@c20210411 |
| 905 | @aTSG@dF272@eB268@f2 | |
| 精准思考:职场进阶的硬核定律/保罗万象,青蛙君著.-武汉:武汉大学出版社,2020.9 |
| 174页;21cm |
| ISBN 978-7-307-21810-9:CNY49.80 |
| 本书撷取50个与职场有关的定律,一一讲解。职场不是修罗场,只要你学会书中的定律,你的职场就是你走上人生巅峰的锻炼场,也是你赢得幸福人生的所在。 |
| ● |
| 相关链接 |
|
|
|
正题名:精准思考
索取号:F272/B268
 
预约/预借
| 序号 | 登录号 | 条形码 | 馆藏地/架位号 | 状态 | 备注 |
| 1 | 1534682 | 215346828 | 社科库409/409社科库 87排1列3层/ [索取号:F272/B268] | 在馆 | |
| 2 | 1534683 | 215346837 | 社科库409/409社科库 87排1列3层/ [索取号:F272/B268] | 在馆 |